Normal view
MARC view
- DE-COMP-37
Entry Topical Term
001 - CONTROL NUMBER
- control field: 70638
003 - CONTROL NUMBER IDENTIFIER
- control field: NUST
005 - DATE AND TIME OF LATEST TRANSACTION
- control field: 20210628204529.0
008 - FIXED-LENGTH DATA ELEMENTS
- fixed length control field: 210628|| aca||aabn | a|a d
040 ## - CATALOGING SOURCE
- Original cataloging agency: NUST
- Transcribing agency: NUST
150 ## - HEADING--TOPICAL TERM
- Topical term or geographic name entry element: DE-COMP-37
670 ## - SOURCE DATA FOUND
- Source citation: Work cat.: (NUST): NC Zain Haider Nemati NC Muhammad Arslan Aziz NC Muhammad Sohaib Munir NC Muhammad Mubashir Irfan 70637, PR-SOF-1838-Industry 4.0 Compliant Generic IIoT Ecosystem for Industrial Equipment Digitization, 2019
